| 000 | 01296nam0a22002771 4500 | ||
|---|---|---|---|
| 001 | rc\3806560 | ||
| 005 | 20260407101821.0 | ||
| 021 |
_aRU _b[75-41387] |
||
| 035 | _a(NLR Aleph) 007263392 | ||
| 090 |
_a5331626 _c5331626 |
||
| 100 | _a20120329d1975 |||y0rusy50 ca | ||
| 101 | 0 | _arus | |
| 102 | _aRU | ||
| 105 | _aa z ||||| | ||
| 200 | 1 |
_aЦифровое моделирование задач математической физики _e[Сборник статей _fРед. коллегия: ...канд. физ.-мат. наук А.Е. Степанов (отв. ред.) и др.] _gАН УССР. Науч. совет по проблеме "Теорет. электротехника и электроника". Ин-т электродинамики |
|
| 210 |
_aКиев _cНаук. думка _d1975 |
||
| 215 |
_a155 с. _cчерт. _d20 |
||
| 320 | _aСписки лит. в конце статей | ||
| 606 |
_aМатематическая физика _jСборники _2psbo |
||
| 702 | 1 |
_aСтепанов _bА.Е. _gАркадий Евгеньевич _4340 |
|
| 712 | 0 | 2 |
_aИнститут электродинамики _cКиев _3RU\NLR\AUTH\889929386 _9354273 |
| 801 | 0 |
_aRU _bNLR _gpsbo |
|
| 801 | 1 |
_aRU _bELAR _2rusmarc |
|
| 852 |
_aNLR _j75-3/3650 |
||
| 942 | _cBOOK | ||
| 980 | _aNB | ||